| 000 | 00479pam a2200169 a 4500 | ||
|---|---|---|---|
| 020 | _a0201510596 | ||
| 040 | _cDLC | ||
| 082 | 0 | 0 | _a005 ADD 1992 C157 Or. |
| 100 | 1 | _aSedgewick, Robert, | |
| 245 | 1 | 0 | _aAlgorithms in C++ / |
| 260 |
_aReading, Mass. : _bAddison-Wesley Pub. Co., _cc1992 |
||
| 300 |
_axiv, 656 p. : _bill. ; _c25 cm |
||
| 500 | _aRev. ed. of: Algorithms in C. c1990 | ||
| 650 | 0 | _aC++ (Computer program language) | |
| 700 | 1 | 1 | _aSedgewick, Robert, |
| 942 | _cAEDBB | ||
| 999 |
_c18997 _d18997 |
||